| 000 | 00458nam a2200145Ia 4500 | ||
|---|---|---|---|
| 008 | 230917s9999||||xx |||||||||||||| ||und|| | ||
| 040 |
_e57185 _aMAIN |
||
| 041 | _aEnglish | ||
| 082 | _a954.5 D262N | ||
| 100 | _aDatta, V N, ed. | ||
| 245 | 0 | _aNew light on the Punjab distribution in 1919: Volumes 6 and 8 of disorders inquiry committee evidence. V1. | |
| 260 |
_aShimla _bIndian Institute of Advanced Study _c1975 |
||
| 300 | _aviii, 882 p. | ||
| 942 | _cBK | ||
| 999 |
_c186816 _d186816 |
||